Projecte d'Estatut de la universitat catalana
Descripción Física:
22 p. ; 21 cm
Materias:
Universitats -- Catalunya -- Estatuts
MARC
| LEADER | 00000nam a2200000Ia 4500 | ||
|---|---|---|---|
| 001 | 12318 | ||
| 008 | 160829s1919 xx 000 0 cat d | ||
| 080 | |a RF-8-27 | ||
| 245 | |a Projecte d'Estatut de la universitat catalana | ||
| 260 | |a Barcelona : |b [s.n.], |c 1919 | ||
| 300 | |a 22 p. ; |c 21 cm | ||
| 590 | |a Aprovat per la Junta Permanent del segon congrés universitari català en sessió del dia 27 de gener de 1919. | ||
| 590 | |a Abans del títol: 'Autonomia universitària'. | ||
| 590 | |a Prové de 2907 | ||
| 650 | |a Universitats |x Catalunya |x Estatuts |9 46831 | ||
| 856 | 4 | |u https://media.diba.cat/diba/fitxers/arxiu/fulletons/bib_12318_1919_baixa.pdf |y Accés lliure | |
| 856 | 4 | |u https://media.diba.cat/diba/fitxers/arxiu/fulletons/bib_12318_1919_baixa.pdf |y Accés lliure | |
| 901 | |a Arxiu | ||
| 942 | |n 1 |2 udc | ||
| 952 | |0 0 |1 0 |4 0 |6 RF827 |7 1 |9 53477 |a Arxiu |b Arxiu |d 2016-12-01 |l 0 |o RF-8-27 |p 12318 |r 2016-12-01 00:00:00 |w 2016-12-01 |y ARXIU | ||
| 999 | |c 57343 |d 57343 | ||
| 900 | |a bib_12318_1919_baixa.pdf | ||